| 000 | 00533nam a22001817a 4500 | ||
|---|---|---|---|
| 999 |
_c190696 _d190696 |
||
| 005 | 20220803103359.0 | ||
| 010 | _aENG-134186 | ||
| 020 |
_a9788128837586 _c100.00 |
||
| 035 | _aEN-117718 | ||
| 037 | _bDBAD/PUB | ||
| 082 | _a649.64 | ||
| 100 | _aVaid, Sunil | ||
| 245 |
_aWhy does my child misbehave / _cby Sunil Vaid |
||
| 260 |
_aNew Delhi _bDiamond Pocket Books _c2012 |
||
| 270 |
_aX-30, Okhla Industrial Area, Phase-II, _bNew Delhi _e110020 |
||
| 300 |
_a149p. _c23cm(pbk) |
||
| 942 |
_2ddc _cEN _h649.64 _mVAI |
||